00624nam a2200157 a 450000100100000000500170001000800410002704000250006810000380009324500970013126000610022830000280028959000270031795201050034499900170044900003881920201002031401.0130425s1979 xxua 000 0 spa d aDO-SdBNPbspacBNPHU1 aDefoe, Daniel,d1661?-173194073310aThe adventures of Robinson Crusoe /cDaniel Defoe ; with the color woodcuts of Pierre Falke. aPennsylvania, Estados Unidos :bFranklin Library,c1979. a355 p. :bil. ;c24 cm. aInventariado, 2019 /LP 001050718MOaPDbPDcHDd2013-04-25iLF1l0o p38819-10r2020-06-25w2020-06-25y1ZNo se presta c38309d38309